000 00372nam a2200157Ia 4500
003 OSt
008 191201s2005 xx 000 0 und d
082 _a005.8
_bBIC
100 _aBISHOP, Matt
245 0 _aComputer Security Art and Science
250 _a2nd
260 _aNew Delhi
_bPearson Education
_c2005
300 _a1056
650 _aB.Tech(CSE)
942 _2ddc
_cBK
999 _c2172
_d2172